Las iluminaciones del hermano Santiago / (Registro nro. 9281)

Detalles MARC
000 -CABECERA
Campo de control interno 01735nam a2200241Ia 4500
008 - ELEMENTOS DE LONGITUD FIJA - INFORMACIÓN GENERAL
Campo de control de longitud fija 260220t9999||||xx |||||||||||||| ||spa||
040 ## - FUENTE DE CATALOGACIÓN
Agencia de catalogación original PY-SlUNAC
Idioma de catalogación spa
Convenciones de descripción rda
041 ## - CÓDIGO DE IDIOMA
Código de idioma para texto/pista de sonido o título separado spa
082 ## - NÚMERO DE CLASIFICACIÓN DECIMAL DEWEY
Clasificación Decimal Dewey (CDD) 863
Clasificación Expansiva de Cutter (EC) D455i
100 ## - ASIENTO PRINCIPAL - NOMBRE PERSONAL
Nombre personal Descola, Jean
Rol del autor Autor
245 #0 - TÍTULO
Título Las iluminaciones del hermano Santiago /
Mención de responsabilidad por Jean Descola [Autor]
264 ## - PIE DE IMPRENTA
Lugar Barcelona :
Editorial Argos Vergara,
Año [Fecha de publicación no identificada].
300 ## - DESCRIPCIÓN FÍSICA
Páginas 1 volumen
520 ## - NOTA DE RESUMEN
Nota de resumen En "Las iluminaciones del hermano Santiago", Jean Descola explora la figura del apóstol Santiago y su relevancia en la historia y cultura de España, así como su influencia en la tradición jacobea. A través de un enfoque interdisciplinario que abarca la historia, la antropología y la teología, Descola analiza cómo la figura de Santiago ha sido reinterpretada y venerada a lo largo de los siglos, convirtiéndose en un símbolo de identidad para diversas comunidades. El autor también examina las peregrinaciones al Camino de Santiago, resaltando su impacto en la espiritualidad y el turismo contemporáneo. Además, se discuten las manifestaciones artísticas y literarias que han surgido en torno a Santiago, lo que evidencia su perdurable legado. A través de un rico análisis, Descola invita al lector a reflexionar sobre la intersección entre lo sagrado y lo secular, ofreciendo una visión profunda de las "iluminaciones" que este apóstol ha proporcionado a lo largo del tiempo, especialmente en el contexto español.
653 ## - MATERIA - TÉRMINO TEMÁTICO NO CONTROLADO (PALABRAS CLAVE)
Materia - término temático no controlado (palabras clave) Antropología
653 ## - MATERIA - TÉRMINO TEMÁTICO NO CONTROLADO (PALABRAS CLAVE)
Materia - término temático no controlado (palabras clave) Cultura
653 ## - MATERIA - TÉRMINO TEMÁTICO NO CONTROLADO (PALABRAS CLAVE)
Materia - término temático no controlado (palabras clave) Religión
942 ## - ELEMENTOS PERSONALIZADOS (KOHA)
Fecha catalogación 2026/02/17
Tipo de documento Libros
Existencias
Fuente de Clasificacion Colección Ubicacion permanente Biblioteca actual Fecha de Ingreso a la Biblioteca Origen de adquisición Código de ubicación Código de barras Tipo de Item KOHA Nota pública
Dewey Decimal Classification Colección General (CG) Biblioteca e Internet, Facultad de Ciencias Exactas y Naturales Biblioteca e Internet, Facultad de Ciencias Exactas y Naturales 02/20/2026 Donación 863 D455i CG2641 Libros Material disponible en la Biblioteca e Intenet, Campus UNA, San Lorenzo.